BIBLIOTECA

SENCICO

La ciudad postmoderna : magia y miedo de la metrópolis contemporánea (Registro nro. 2114)

Detalles MARC
000 -LEADER
fixed length control field 00731nam a2200193Ia 4500
005 - DATE AND TIME OF LATEST TRANSACTION
control field 20251020182532.0
008 - FIXED-LENGTH DATA ELEMENTS--GENERAL INFORMATION
fixed length control field 200515s9999 xx 000 0 und d
082 ## - DEWEY DECIMAL CLASSIFICATION NUMBER
Classification number 711.586/A49
100 ## - MAIN ENTRY--PERSONAL NAME
Personal name AMENDOLA, Giandomenico
245 #0 - TITLE STATEMENT
Title La ciudad postmoderna : magia y miedo de la metrópolis contemporánea
260 ## - PUBLICATION, DISTRIBUTION, ETC.
Place of publication, distribution, etc. Madrid
260 ## - PUBLICATION, DISTRIBUTION, ETC.
Date of publication, distribution, etc. 2000
500 ## - GENERAL NOTE
General note 1 ejemplar
520 ## - SUMMARY, ETC.
Summary, etc. Una ciudad nueva esta naciendo en el espacio y el lugar de la ciudad moderna tradicional. Para dar forma y vida a las metrópolis de la postmodernidad concurren los sueños, los miedos, los deseos y las modas, que se entrelazan con las exigencias de la comp
650 ## - SUBJECT ADDED ENTRY--TOPICAL TERM
Topical term or geographic name entry element DISEÑO URBANO
650 ## - SUBJECT ADDED ENTRY--TOPICAL TERM
Topical term or geographic name entry element LIB
650 ## - SUBJECT ADDED ENTRY--TOPICAL TERM
Topical term or geographic name entry element URBANISMO
942 ## - ADDED ENTRY ELEMENTS (KOHA)
Koha item type Libros
Existencias
Fecha de la última vez que lo usaron Pago total Signatura topográfica completa Código de barras Precio efectivo desde Tipo de documento Estado perdido Estado dañado No es para préstamo Retirado Ubicación permanente Ubicación actual Fecha de adquisición
15/05/2020   711.586/A49 Bib-Lima15052114 15/05/2020 Libros         Biblioteca Central Lima Biblioteca Central Lima 15/05/2020